Logo BPK

Biblioteka

Politechniki Koszalińskiej

Lwowsko-kresowe korzenie wyższych uczelni Lublina / (Rekord nr 39982)

Szczegóły MARC
000 -ETYKIETA REKORDU
podpole kontrolne o stałej długości 00946nam a2200241 i 4500
001 - NUMER KONTROLNY REKORDU
pole kontrolne bg
020 ## - MIĘDZYNARODOWY ZNORMALIZOWANY NUMER KSIĄŻKI - ISBN
ISBN 8391327124
040 ## - ŹRÓDŁO KATALOGOWANIA
Instytucja, która utworzyła rekord BPK
041 0# - KOD JĘZYKA
Kod języka tekstu pl
080 ## - UNIWERSALNA KLASYFIKACJA DZIESIĘTNA - UKD
UKD 378(438)"18/19"
920 ## - Międzynarodowy znormalizowany numer książki – ISBN
ISBN 83-913271-2-4
008 - POLE O STAŁEJ DŁUGOŚCI - DANE KONTROLNE
podpole kontrolne o stałej długości s pl f |000 0 pol
245 00 - TYTUŁ/ODPOWIEDZIALNOŚĆ
Tytuł Lwowsko-kresowe korzenie wyższych uczelni Lublina /
Pozostałe elementy strefy tytułu i oznaczenia odpowiedzialności red. Władysław Stążka ; Towarzystwo Miłośników Lwowa i Kresów Południowo-Wschodnich. Oddział w Lublinie.
260 ## - STREFA ADRESU WYDAWNICZEGO
Miejsce wydania Lublin :
Nazwa wydawcy/dystrybutora TMLiKPW,
Data publikacji, dystrybucji/powstania dokumentu 2000.
300 ## - STREFA OPISU FIZYCZNEGO
Objętość 244 s. :
Inne cechy fizyczne il. (w tym kolor.) ;
Rozmiary 24 cm.
504 ## - UWAGA DOTYCZĄCA BIBLIOGRAFII
Informacje o bibliografii Bibliogr. przy rozdz. - Indeks.
651 #9 - HASŁO PRZEDMIOTOWE W FORMIE NAZWY GEOGRAFICZNEJ
Nazwa geograficzna Kresy wschodnie Rzeczypospolitej
Określnik ogólny szkolnictwo wyższe
Określnik chronologiczny 19-20 w.
651 #9 - HASŁO PRZEDMIOTOWE W FORMIE NAZWY GEOGRAFICZNEJ
Nazwa geograficzna Lublin (woj. lubelskie)
Określnik ogólny szkolnictwo wyższe
Określnik chronologiczny 20 w.
651 #9 - HASŁO PRZEDMIOTOWE W FORMIE NAZWY GEOGRAFICZNEJ
Nazwa geograficzna Lwów (Ukraina)
Określnik ogólny szkolnictwo wyższe
Określnik chronologiczny 19-20 w.
700 1# - HASŁO DODATKOWE - NAZWA OSOBOWA
Nazwa osobowa STĄŻKA, Władysław.
Określenie związku między hasłem a opisywanym materiałem Red.
710 #0 - HASŁO DODATKOWE - NAZWA CIAŁA ZBIOROWEGO
Nazwa ciała zbiorowego lub jednostki geograficznej Towarzystwo Miłośników Lwowa i Kresów Południowo-Wschodnich (Lublin)
856 ## - LOKALIZACJA I DOSTĘP DO ELEKTRONICZNYCH DOKUMENTÓW ZDALNYCH
Link (URL) http://koha.tu.koszalin.pl/cgi-bin/koha/opac-detail.pl?biblionumber=39982
Tekst linku Katalog online BPK
942 ## - DODATKOWE ELEMENTY (KOHA)
Typ dokumentu Książka
Egzemplarze
Wycofany Status egzemplarza Uszkodzony Dostępność Lokalizacja stała Lokalizacja bieżąca Miejsce przechowywania Sygnatura Kod kreskowy Typ dokumentu
      Dostępny Biblioteka Politechniki Koszalińskiej Biblioteka Politechniki Koszalińskiej Wypożyczalnia BG 59849 01583892 Książka
© 2023 Biblioteka Politechniki Koszalińskiej :: KOHA